Real estate issues

Detalles Bibliográficos
Autores Corporativos: American Society of Real Estate Counselors, Counselors of Real Estate (Organization)
Formato: Desconocido
Lenguaje:inglés
Publicado: Chicago : The Counselors of Real Estate
Materias:
Acceso en línea:Acceso restringido

MARC

LEADER 00000ny a22000003n 4500
003 EbpS
005 20110512130556.0
006 m d ||||||
007 cr anunnnuuuaa
008 060206s us 000 eng d
022 0 |a 0146-0595 
035 |a 3846 
040 |d vLex 
050 0 0 |a HD251  |b .R2 
050 0 0 |a HD251  |b .R2 
090 |c 1784  |d 1784 
245 0 0 |a Real estate issues  |h [Recurso electrn̤ico] 
256 |a Servicio en ln̕ea 
260 |a Chicago :  |b The Counselors of Real Estate 
310 |a Trimestral 
506 1 |a Contenido solo disponible en los productos indicados  |d vLex Global  |d vLex Global (Academic Edition, excluding Law Schools)  |d vLex Global (U.S. Academic Edition, excluding Law Schools) 
650 0 4 |a Inmuebles  |x Publicaciones perid̤icas 
650 0 4 |a Negocios  |z Estados Unidos  |x Publicaciones perid̤icas 
650 0 4 |a Real Estate  
710 2 |a American Society of Real Estate Counselors 
710 2 |a Counselors of Real Estate (Organization) 
740 |a vLex Revista (Servicios en ln̕ea) 
843 |a Electrn̤ica. Abierta 
853 |8 1  |i (year)  |j (month)  |k (day) 
856 4 0 |u http://vlex.com/source/3846  |z Acceso restringido 
942 |c REV 
999 |a Trade Publication 
999 |a Real estate business  |v Periodicals 
999 |a Real estate business  |z United States  |v Periodicals